Countries which have the Highest or Most........ - Statistics

General Stats
  • This quiz has been taken 3,146 times
  • The average score is 10 of 20
Answer Stats
Hint Answer % Correct
Population China
100%
Land Area Russia
99%
Most Billionaires USA
94%
Coastline Canada
92%
Most Tourists France
84%
Southern Most Point Chile
78%
Population Density Monaco
60%
Fertility Rate Niger
44%
% of english speakers Jamaica
42%
Richest Qatar
41%
Cannibis Use New Zealand
39%
Church Attendance Nigeria
33%
Cigarettes smoked (per Capita) Greece
26%
Fattest Nauru
24%
Infant Mortality Rate Afghanistan
21%
Deaths by murder (per Capita) Turkey
20%
Heaviest Drinking Moldova
19%
Most Burgleries (per Capita) Israel
15%
Teenage Pregnacies (per Capita) Sierra Leone
10%
Population below the poverty line Zambia
8%
No matching quizzes found
Score Distribution
Percent of People with Each Score
Percentile by Number Answered
Your Score History
You have not taken this quiz